000 00384nam a2200145Ia 4500
008 230312s9999||||xx |||||||||||||| ||und||
020 _a9789696520924
082 _a891.4
_bKAL-S
100 _aکالکارنجن قانون گو
245 0 _aشیر شاہ سوری اور اُس کا عہد
260 _bJamhori
_apak
_c2017
300 _a452
650 _aLiterature
942 _cBK
999 _c14962
_d14962